Zhodnotenie nakladania s komunálnym odpadom vo vybranom regióne = Assessing the management of municipal waste on the selected region : Diplomová práca

Salvato in:
Dettagli Bibliografici
Autore principale: Tomaštíková, Monika (Autore)
Altri autori: Soldán, Maroš, 1969- (xxx)
Natura: Manoscritto Libro
Lingua:slovacco
Pubblicazione: Trnava : STU v Bratislave MTF UBEI, 2009
Soggetti:
Tags: Aggiungi Tag
Nessun Tag, puoi essere il primo ad aggiungerne!!

MARC

LEADER 00000ntm a22000003a 4500
001 stu190882
005 20160719160135.0
008 090928s2009----xo------------------slo-d
040 |a STU  |b slo 
041 0 |a slo 
044 |a xo 
100 1 |a Tomaštíková, Monika  |4 aut 
245 1 |a Zhodnotenie nakladania s komunálnym odpadom vo vybranom regióne = Assessing the management of municipal waste on the selected region :  |b Diplomová práca 
260 |a Trnava :  |b STU v Bratislave MTF UBEI,  |c 2009 
300 |a 75 s  |c príl (1 CD-ROM) 
500 |a Kombinácia študijných odborov: 4.3.2 environmentálne inžinierstvo, 8.3.5 bezpečnosť a ochrana zdravia pri práci 
500 |a Študijný program: environmentálne a bezpečnostné inžinierstvo 
650 7 |a komunálny odpad  |2 stusub 
650 7 |a separovaný zber  |2 stusub 
650 7 |a recyklácia  |2 stusub 
700 1 |a Soldán, Maroš,  |d 1969-  |4 xxx  |u M5000  |U MTF Materiálovotechnologická fakulta  |T MTF Ústav bezpečnosti, environmentu a kvality  |X 2878  |U M5000  |Y 85  |7 A000002878 
996 |b 284M070957  |c M*DP-8380  |l MMSKP  |s P  |a 0  |w stu190882_0001